NAJDROŻSI PIŁKARZE ŚWIATA 2022! - Statystyki

Ogólne statystyki
  • Ten quiz został rozwiązany 6 226 razy
  • Średni wynik to 24 z 102
Statystyki odpowiedzi
WARTOŚĆ NARODOWOŚĆ NAZWISKO % Poprawnych
160,00 mln € FRANCJA MBAPPE
98%
150,00 mln € NORWEGIA HAALAND
91%
75,00 mln € BRAZYLIA NEYMAR
86%
50,00 mln € ARGENTYNA MESSI
71%
90,00 mln € EGIPT SALAH
70%
90,00 mln € ANGLIA KANE
66%
90,00 mln € HISZPANIA PEDRI
63%
70,00 mln € HISZPANIA GAVI
59%
85,00 mln € BELGIA DE BRUYNE
47%
90,00 mln € ANGLIA BELLINGHAM
46%
90,00 mln € ANGLIA FODEN
44%
75,00 mln € KOREA POŁUDNIOWA SON
42%
60,00 mln € SENEGAL MANE
38%
80,00 mln € NIEMCY MUSIALA
37%
80,00 mln € URUGWAJ VALVERDE
36%
85,00 mln € SERBIA VLAHOVIC
35%
70,00 mln € ANGLIA SAKA
34%
70,00 mln € BRAZYLIA RODRYGO
33%
65,00 mln € MAROKO HAKIMI
32%
55,00 mln € HOLANDIA VAN DIJK
32%
85,00 mln € PORTUGALIA FERNANDES
30%
50,00 mln € FRANCJA DEMBELE
29%
70,00 mln € PORTUGALIA FELIX
29%
70,00 mln € BELGIA LUKAKU
29%
70,00 mln € URUGWAJ NUNEZ
29%
80,00 mln € PORTUGALIA SILVA
29%
70,00 mln € KANADA DAVIES
27%
60,00 mln € HOLANDIA DE JONG
27%
50,00 mln € | 75,00 mln € ARGENTYNA MARTINEZ
27%
80,00 mln € NIEMCY KIMMICH
26%
70,00 mln € PORTUGALIA LEAO
26%
80,00 mln € HISZPANIA RODRI
25%
70,00 mln € ANGLIA STERLING
25%
50,00 mln € WŁOCHY DONNARUMMA
24%
60,00 mln € ANGLIA RASHFORD
24%
60,00 mln € NIEMCY SANE
24%
50,00 mln € BRAZYLIA ALISSON
23%
50,00 mln € BRAZYLIA CASEMIRO
23%
75,00 mln € PORTUGALIA DIAS
23%
70,00 mln € ANGLIA GREALISH
23%
55,00 mln € AUSTRIA ALABA
22%
65,00 mln € PORTUGALIA CANCELO
22%
55,00 mln € FRANCJA CAMAVINGA
21%
120,00 mln € BRAZYLIA JUNIOR
21%
50,00 mln € BRAZYLIA RICHARLISON
21%
65,00 mln € SZKOCJA ROBERTSON
21%
60,00 mln € URUGWAJ ARAUJO
20%
50,00 mln € NORWEGIA ODEGAARD
20%
60,00 mln € BELGIA COURTOIS
19%
70,00 mln € NIEMCY HAVERTZ
19%
60,00 mln € BRAZYLIA MILITAO
19%
80,00 mln € ANGLIA RICE
19%
65,00 mln € WŁOCHY CHIESA
18%
65,00 mln € NIEMCY GNABRY
18%
50,00 mln € | 55,00 mln € FRANCJA HERNANDEZ
18%
60,00 mln € FRANCJA KOUNDE
18%
75,00 mln € ANGLIA MOUNT
18%
75,00 mln € ANGLIA SANCHO
18%
80,00 mln € FRANCJA TCHOUAMENI
18%
80,00 mln € ANGLIA ALEXANDER-ARNOLD
17%
75,00 mln € BRAZYLIA ANTONY
17%
65,00 mln € BRAZYLIA JESUS
17%
60,00 mln € FRANCJA COMAN
16%
75,00 mln € KOLUMBIA DIAZ
16%
70,00 mln € HOLANDIA DE LIGT
15%
65,00 mln € NIEMCY GORETZKA
15%
65,00 mln € NIGERIA OSIMHEN
15%
50,00 mln € CZECHY SCHICK
15%
50,00 mln € HISZPANIA TORRES
15%
50,00 mln € WŁOCHY VERRATTI
15%
70,00 mln € WŁOCHY BARELLA
14%
60,00 mln € CHORWACJA GVARDIOL
14%
50,00 mln € SZWECJA ISAK
14%
70,00 mln € BRAZYLIA MARQUINHOS
14%
70,00 mln € SERBIA MILINKOVIC-SAVIC
13%
60,00 mln € HISZPANIA FATI
12%
80,00 mln € FRANCJA NKUNKU
12%
50,00 mln € BRAZYLIA RAPHINHA
12%
60,00 mln € ANGLIA JAMES
11%
65,00 mln € SŁOWACJA SKRINIAR
11%
60,00 mln € PORTUGALIA JOTA
10%
50,00 mln € SZWECJA KULUSEVSKI
9%
50,00 mln € PORTUGALIA MENDES
9%
70,00 mln € NIEMCY WIRTZ
9%
60,00 mln € BRAZYLIA FABINHO
8%
50,00 mln € NIGERIA NDIDI
8%
60,00 mln € WŁOCHY BASTONI
7%
65,00 mln € FRANCJA FOFANA
7%
50,00 mln € ANGLIA MADDISON
6%
50,00 mln € ANGLIA PHILLIPS
6%
55,00 mln € ARGETYNA ROMERO
6%
50,00 mln € ANGLIA TOMORI
6%
50,00 mln € WŁOCHY TONALI
6%
60,00 mln € HISZPANIA OYARZABAL
5%
60,00 mln € FRANCJA DIABY
4%
50,00 mln € BRAZYLIA GUIMARAES
4%
50,00 mln € ANGLIA ABRAHAM
3%
55,00 mln € HISZPANIA CUCURELLA
3%
50,00 mln € HISZPANIA MERINO
3%
50,00 mln € HOLANDIA DANJUMA
1%
Nie znaleziono quizów pasujących do podanych kryteriów
Rozkład punktacji
Procent ludzi z każdym wynikiem
Percentyl według liczby udzielonych odpowiedzi
Twoja historia wyników
Nie rozwiązałeś tego quizu